书目信息 |
| 题名: |
我属猫
|
|
| 作者: | 廖伟棠 摄影 ;颜峻 编文 | |
| 分册: | ||
| 出版信息: | 北京 中央编译出版社 2004.08 |
|
| 页数: | 128页 | |
| 开本: | 21cm | |
| 丛书名: | 思维东西丛书 | |
| 单 册: | ||
| 中图分类: | I267.1 , J429.5 | |
| 科图分类: | ||
| 主题词: | 随笔--中国--现代--选集 , 猫--中国--现代--摄影集 | |
| 电子资源: | ||
| ISBN: | 7-80109-993-1 | |
| 000 | 00802oam2 2200277 450 | |
| 001 | 002856027 | |
| 005 | 20070919160335.56 | |
| 010 | @a7-80109-993-1@dCNY32.00 | |
| 100 | @a20050416d2004 em y0chiy0110 ea | |
| 101 | 0 | @achi |
| 102 | @aCN@b110000 | |
| 105 | @aa z 000cy | |
| 200 | 1 | @a我属猫@AWo Shu Mao@f廖伟棠摄影@FLiao Wei Tang She Ying@g颜峻等文字 |
| 210 | @a北京@c中央编译出版社@d2004.08 | |
| 215 | @a128页@c照片@d21cm | |
| 225 | 2 | @a思维东西丛书 |
| 410 | 0 | @12001 @a思维东西丛书 |
| 606 | 0 | @a随笔@y中国@z现代@j选集 |
| 606 | 0 | @a猫@y中国@z现代@j摄影集 |
| 690 | @aI267.1@v4 | |
| 690 | @aJ429.5@v4 | |
| 701 | 0 | @a廖伟棠@ALiao Wei Tang@f(1975~)@4摄影 |
| 702 | 0 | @a颜峻@AYan Jun@f(1973~)@4编文 |
| 801 | 0 | @aCN@bNLC@c20070919 |
| 905 | @aBZT@dI267.1@e476 | |
| 906 | @dCNY32.00@n0@r1 | |
| 我属猫/廖伟棠摄影/颜峻等文字.-北京:中央编译出版社,2004.08 |
| 128页:照片;21cm.-(思维东西丛书) |
| ISBN 7-80109-993-1:CNY32.00 |
| ● |
| 相关链接 |
|
|
|
正题名:我属猫
索取号:I267.1/476
 
预约/预借
| 序号 | 登录号 | 条形码 | 馆藏地/架位号 | 状态 | 备注 |
| 1 | 582331 | 230174146 | 中心书库中库/打包BH0531/ [索取号:I267.1/476] | 在馆 | |
| 2 | 582332 | 230174145 | 中心书库中库/打包BH0531/ [索取号:I267.1/476] | 在馆 | |
| 3 | 582333 | 230174144 | 中心书库中库/打包BH0531/ [索取号:I267.1/476] | 在馆 | |
| 4 | 582334 | 230174143 | 中心书库中库/打包BH0531/ [索取号:I267.1/476] | 在馆 | |
| 5 | 582335 | 230174142 | 中心书库中库/打包BH0531/ [索取号:I267.1/476] | 在馆 | |
| 6 | 582336 | 230174141 | 中心书库中库/打包BH0531/ [索取号:I267.1/476] | 在馆 | |
| 7 | 582337 | 230174140 | 中心书库中库/打包BH0531/ [索取号:I267.1/476] | 在馆 | |
| 8 | 582338 | 230174139 | 中心书库中库/打包BH0531/ [索取号:I267.1/476] | 在馆 | |
| 9 | 582339 | 230174138 | 中心书库中库/打包BH0531/ [索取号:I267.1/476] | 在馆 | |
| 10 | 582340 | 230174147 | 中心书库中库/打包BH0531/ [索取号:I267.1/476] | 在馆 |